000 00513nam a2200169 4500
001 140526
003 ES-MaACL
005 20230906200110.0
007 t|
008 070214s1973 sp r ||||1| spa d
100 1 _aSearle, John.
_9104990
245 1 3 _aLa revolución de Chomsky en lingüística /
_cJohn Searle ; traducción de Carlos Manzano.
260 _aBarcelona :
_bAnagrama,
_c1973.
300 _a71 p. :
_bil. ;
_c18 cm.
700 1 _aManzano, Carlos.
_976216
852 _aES-MaACL
_jC-54162
_bR.86962
999 _c140526
_d140526